000 00312nam a22001457a 4500
008 210308b ||||| |||| 00| 0 eng d
020 _a0721666493
041 _aeng
080 _a617
082 _2617
100 _a8
101 _aORT
245 _aOrthopaedic Radiography
_cBruce w. Long
942 _2udc
_cBK
999 _c55896
_d55896